| 000 | 00457nam a2200205Ia 4500 | ||
|---|---|---|---|
| 001 | 110257 | ||
| 003 | YMCAF | ||
| 005 | 20230512162414.0 | ||
| 008 | 100717s2002 ||||||||||||||||| ||und|d | ||
| 024 | _a110257 | ||
| 035 | _aWB1244 | ||
| 040 |
_aYMCAF _beng _cIN-KoLT |
||
| 041 | _aeng | ||
| 082 |
_a006.6 _bKRI |
||
| 100 | _aKrishnamurthy, N | ||
| 245 | 0 | _aIntroducation to computer graphies | |
| 260 |
_bTMH _c2002 |
||
| 300 | _a343 | ||
| 942 |
_2ddc _cBK |
||
| 999 |
_c11802 _d11802 |
||